000 00391nam a22001337a 4500
999 _c520524
_d520524
008 220919b ||||| |||| 00| 0 eng d
100 _aChenoweth, Erica and Marks, Zoe
_934425
245 _aRevenge of the patriarchs: Whey autocrats fear women
260 _aForeign Affairs
300 _a101(2), Mar-Apr, 2022: p.103-116
773 _aForeign Affairs
906 _aWOMEN
942 _cAR